00956nam a2200193Ia 4500008004100000020001500041041001200056082001600068100001800084245007700102260003300179300000900212650001200221942000700233999001500240952016900255952016900424952016900593221030s9999 xx 000 0 und d a8185015848 aEnglish a105.23bFey aR. P. Feynman 0aFeynman Lectures on Physics Quantum Mechanics Vol. IIIcby R. P. Feynman bNarosa Pub.aNew Delhic1997 a1820 aPhysics cBK c1175d1175 pBE 122g195.00l0o105.23 Feyr2024-06-13 00:00:00w2022-10-30yBK003Print4070aMIETLIBbMIETLIBcBL-Academic Block C, FL-2, CUP-8, SH-3, R-3d1998-12-1710HBE pBE 123g195.00l0o105.23 Feyr2024-06-13 00:00:00w2022-10-30yBK003Print4070aMIETLIBbMIETLIBcBL-Academic Block C, FL-2, CUP-8, SH-3, R-3d1998-12-1710HBE pBE 124g195.00l0o105.23 Feyr2024-06-13 00:00:00w2022-10-30yBK003Print4070aMIETLIBbMIETLIBcBL-Academic Block C, FL-2, CUP-8, SH-3, R-3d1998-12-1710HBE